000 00609nam a22002177a 4500
003 OSt
005 20170321172852.0
008 170321b xxu||||| |||| 00| 0 eng d
020 _a9781118344866
040 _cDMLN
082 _aQZ42 T22s 2013
100 _aEditors Brian, L. Strom; Stephen E. Kimmel; Sean, Hennessy
_911867
245 _aTextbook of Pharmacoepidemiology
250 _a2nd ed.
260 _aChichester, John Wiley, 2013
300 _axvii,456p; ill: 25cm
504 _aAppendices, & index included
650 _aPharmacology
_9357
650 _aEpidemiology
_91064
942 _2z
_cSLOAN
999 _c5701
_d5701